Behavior and ecology of the asiatic elephant in southeastern Ceylon

Guardat en:
Dades bibliogràfiques
Autor principal: McKay, George M. (autor)
Format: Llibre
Idioma:anglès
Publicat: Washington, D.C Smithsonian Institution 1973
Col·lecció:Smithsonian Contributions to Zoology, 125
Matèries:
Etiquetes: Afegir etiqueta
Sense etiquetes, Sigues el primer a etiquetar aquest registre!

MARC

LEADER 00000nam a2200000 a 4500
001 UCL7601
003 CL-VaPUC
008 040528e19730000US |||||||||||||||||eng|d
082 0 4 |a 599.676  |b MCK  |2 21 
100 |a McKay, George M.  |e autor  |9 485406 
245 1 0 |a Behavior and ecology of the asiatic elephant in southeastern Ceylon 
300 |a 113 p 
942 |c BK 
945 |d 20040528 00:00:00  |a cmena 
260 |a Washington, D.C  |b Smithsonian Institution  |c 1973 
650 7 |a MAMIFEROS  |2 CL-VaPUC  |9 266111 
650 7 |a ELEFANTE ASIATICO  |2 CL-VaPUC  |9 485407 
650 7 |a ESPECIES  |2 CL-VaPUC  |9 331928 
650 0 |a Distribución geográfica  |9 260005 
583 |a last modification  |c 20040528 00:00:00  |k Rodrigo Vera 
490 0 |a Smithsonian Contributions to Zoology, 125 
999 |c 309236  |d 309234